| 000 | 01043nas a2200337 4500 | ||
|---|---|---|---|
| 001 | BR0401095 | ||
| 003 | BR-BrBNA | ||
| 005 | 20231205104409.0 | ||
| 007 | ta | ||
| 008 | 230509b bl.|||p| |||| 00| 00por d | ||
| 040 |
_aBR-BrBNA _bpor _cBiblioteca Nacional de Agricultura |
||
| 041 | _a(En) | ||
| 072 | _aM12; T01 | ||
| 100 | 1 | _aIsmiño-Orbe, R. A. | |
| 100 | 1 | _aAraújo-Lima, C.A.R.M. | |
| 100 | 1 | _aGomes, L. de C. | |
| 245 | 1 | _aExcreção de amônia por tambaqui (Colossoma macropomum)de acordo com variações na temperatura da água e massa do peixe | |
| 650 | _aTAMBAQUI | ||
| 650 | _aEXCREÇÃO | ||
| 650 | _aAMÔNIA | ||
| 650 | _aANÁLISE QUANTITATIVA | ||
| 650 | _aQUALIDADE DA ÁGUA | ||
| 650 | _aTEMPERATURA | ||
| 650 | _aCONDIÇÃO AMBIENTAL | ||
| 650 | _aPESO | ||
| 650 | _aPROTEÍNA | ||
| 650 | _aCONTAMINAÇÃO | ||
| 773 | 0 |
_tPesquisa Agropecuária Brasileira (Brazil) _xISSN 0101-204X _g(Oct 2003), v. 38(10) p. 1243-1247 _wBR0401095 |
|
| 909 |
_a202311 _bLúcia _c55 _dLúcia Elande |
||
| 942 |
_2AGRIS _n0 _cANA |
||
| 999 |
_c177941 _d177941 |
||